| 000 | 00488cam a22001932a 4500 | ||
|---|---|---|---|
| 001 | 016025 | ||
| 003 | AR-FADEU | ||
| 008 | 311216n1966####xxu####################dd | ||
| 092 |
_aA863.2 _bL864d |
||
| 100 | _aLópez, Lucio V. | ||
| 245 | _aDon polidoro y otros relatos | ||
| 260 | _aBuenos Aires | ||
| 260 | _bEUDEBA | ||
| 260 | _c1966 | ||
| 300 | _a124 p | ||
| 440 |
_aSerie del siglo y medio _n114 |
||
| 650 | _aLITERATURA ARGENTINA-SIGLO XX; CUENTO/REVISADO/ | ||
| 942 | _cBDGR | ||
| 999 |
_c21783 _d21783 |
||